AFLCA Best Young Player Award - Statistics

General Stats
  • This quiz has been taken 33 times
    13 since last reset
  • The average score is 14 of 24
Answer Stats
Year Club Answer % Correct
2023 Collingwood Nick Daicos
100%
2020 Carlton Sam Walsh
100%
2024 North Melbourne Harry Sheezel
91%
2021 Gold Coast Noah Anderson
91%
2021 Fremantle Caleb Serong
82%
2017 Melbourne Clayton Oliver
82%
2025 Geelong Shaun Mannagh
82%
2013 GWS Jeremy Cameron
73%
2003 West Coast Chris Judd
64%
2012 Essendon Dyson Heppell
64%
2016 Sydney Isaac Heeney
64%
2015 Western Bulldogs Marcus Bontempelli
64%
2011 Fremantle Nathan Fyfe
64%
2007 Collingwood Scott Pendlebury
64%
2022 Hawthorn Jai Newcombe
55%
2008 Geelong Joel Selwood
55%
2019 Geelong Tim Kelly
55%
2018 Geelong Tom Stewart
55%
2005 Western Bulldogs Adam Cooney
36%
2009 Hawthorn Cyril Rioli
36%
2014 Gold Coast Jaeger O'Meara
18%
2004 Kangaroos Daniel Wells
9%
2006 Western Bulldogs Ryan Griffen
9%
2010 Fremantle Stephen Hill
9%
No matching quizzes found
Score Distribution
Percent of People with Each Score
Percentile by Number Answered
Your Score History
You have not taken this quiz since the last reset